The future of nuclear power (Record no. 107077)

MARC details
000 -LEADER
fixed length control field 01336cad a22002175a 4500
001 - CONTROL NUMBER
control field L138246
008 - FIXED-LENGTH DATA ELEMENTS--GENERAL INFORMATION
fixed length control field 070524e20070524xxk f f000 0 eng d
035 ## - SYSTEM CONTROL NUMBER
System control number (Sirsi) u138246
041 0# - LANGUAGE CODE
Language code of text/sound track or separate title eng
050 04 - LIBRARY OF CONGRESS CALL NUMBER
Classification number 333.7924 $2 22
110 1# - MAIN ENTRY--CORPORATE NAME
Corporate name or jurisdiction name as entry element United Kingdom
Subordinate unit Department of Trade and Industry
245 04 - TITLE STATEMENT
Title The future of nuclear power
Remainder of title the role of nuclear power in a low carbon UK economy
-- consultation document
Medium [electronic resource]
260 ## - PUBLICATION, DISTRIBUTION, ETC.
Place of publication, distribution, etc. London
Name of publisher, distributor, etc. DTI
Date of publication, distribution, etc. 2007
520 ## - SUMMARY, ETC.
Summary, etc. Consultation paper published alongside the 2007 Energy White Paper. Seeks opinions on details on the government?s plan to allow energy companies to invest in new nuclear power stations. Describes the UK?s past and present energy situations and the need for a reduction in carbon emissions from fossil fuels. Considers the role of renewable energy sources. Describes the issues around nuclear power stations. Presents questions based on these issues. Responses are due by 10 October 2007.
590 ## - LOCAL NOTE (RLIN)
Local note KA
650 24 - SUBJECT ADDED ENTRY--TOPICAL TERM
Topical term or geographic name entry element ENERGY WHITE PAPER 2007
651 #4 - SUBJECT ADDED ENTRY--GEOGRAPHIC NAME
Geographic name United Kingdom
Chronological subdivision
690 ## - LOCAL SUBJECT ADDED ENTRY--TOPICAL TERM (OCLC, RLIN)
Topical term or geographic name as entry element ENVIRONMENTAL AND LAND CONSULTANCY-ENERGY
856 48 - ELECTRONIC LOCATION AND ACCESS
Uniform Resource Identifier <a href="https://webarchive.nationalarchives.gov.uk/20110526103014/webarchive.nationalarchives.gov.uk/+/http://www.berr.gov.uk/files/file39197.pdf">https://webarchive.nationalarchives.gov.uk/20110526103014/webarchive.nationalarchives.gov.uk/+/http://www.berr.gov.uk/files/file39197.pdf</a>
Public note View the item free of charge in the National Archive
942 ## - ADDED ENTRY ELEMENTS (KOHA)
Suppress in OPAC 0
Holdings
Withdrawn status Lost status Source of classification or shelving scheme Damaged status Not for loan Home library Current library Shelving location Date acquired Total Checkouts Full call number Barcode Date last seen Copy number Price effective from Koha item type
    Dewey Decimal Classification     Virtual Virtual Online 24/05/2007   ONLINE PUBLICATION 138246-1001 06/08/2019 1 06/08/2019 Book